| 000 | 00667nam a22001937a 4500 | ||
|---|---|---|---|
| 005 | 20251108171042.0 | ||
| 008 | 250721s1995 xx 000 0 ara d | ||
| 082 | 1 | 4 | _a745.0956/قان |
| 100 | 1 | _aقانصو، أكرم | |
| 245 | 1 | 0 | _aالتصوير الشعبي العربي / |
| 264 | 1 |
_aالكويت : _bالمجلس الوطني للصقافة و الفنون و الأداب، _c1995. |
|
| 300 | _a302ص | ||
| 490 | 0 | _aعالم المعرفة : سلسلة كتب ثقافية شهرية ... ، 203 | |
| 650 | 1 | 7 | _aالفن الشعبي |
| 650 | 1 | 7 | _aالرسم العربي |
| 650 | 1 | 7 | _aالرسم الإسلامي |
| 942 |
_2ddc _cBK |
||
| 999 |
_c55364 _d55364 |
||